[Event "Flint (Class C/1)"]
[Site "?"]
[Date "1992.??.??"]
[Round "?"]
[White "Faust, S."]
[Black "Edson, James"]
[Result "0-1"]
[WhiteElo "1605"]
[BlackElo "1605"]
[PlyCount "90"]
[EventDate "1992.??.??"]

1. e4 e5 2. Nf3 Nc6 3. Bb5 Nf6 4. Nc3 Bc5 5. O-O d6 6. h3 O-O 7. Re1 Re8 8. a3
a6 9. Bxc6 bxc6 10. d4 exd4 11. Nxd4 Bxd4 12. Qxd4 c5 13. Qd3 h6 14. Bd2 Nd7
15. Qg3 Kh7 16. Re3 Ne5 17. b3 Ng6 18. Rae1 Bb7 19. Qh2 Qf6 20. Rf3 Qe5 21. g3
Qe6 22. Rfe3 Re7 23. f4 Qd7 24. f5 Ne5 25. Qg2 f6 26. g4 c6 27. h4 d5 28. Rh3
c4 29. g5 fxg5 30. hxg5 Rh8 31. gxh6 g6 32. Bg5 Ree8 33. Bf6 Rhg8 34. Ree3 gxf5
35. Reg3 Rxg3 36. Qxg3 Ng4 37. Bd4 dxe4 38. Ne2 c5 39. Bc3 Qd1+ 40. Be1 Qd7 41.
Nf4 cxb3 42. cxb3 Qd4+ 43. Bf2 e3 44. Nd3 exf2+ 45. Nxf2 Re1# 0-1

[Event "Flint (Class B/1)"]
[Site "?"]
[Date "1992.??.??"]
[Round "?"]
[White "Falkowski, Kenneth"]
[Black "Watson, Terry"]
[Result "1-0"]
[WhiteElo "1720"]
[BlackElo "1635"]
[PlyCount "89"]
[EventDate "1992.??.??"]

1. d4 Nf6 2. Nc3 g6 3. e4 d6 4. f4 Bg7 5. Nf3 O-O 6. Bc4 Nxe4 7. O-O Nxc3 8.
bxc3 Bf5 9. Bd3 Bxd3 10. cxd3 c5 11. Qb3 Qc7 12. Rb1 b6 13. d5 Nd7 14. c4 e6
15. dxe6 fxe6 16. Ng5 Bd4+ 17. Kh1 Rae8 18. Qd1 d5 19. h4 Nf6 20. Rf3 Ng4 21.
Qf1 h6 22. Nh3 g5 23. hxg5 hxg5 24. Nxg5 Rf6 25. Rg3 Qg7 26. Qf3 Nf2+ 27. Kh2
Qh6+ 28. Nh3+ Kf7 29. Be3 Bxe3 30. Qxe3 Nxh3 31. Rxh3 Qxf4+ 32. Qxf4 Rxf4 33.
Rh7+ Kf6 34. Rxa7 Rf2 35. cxd5 exd5 36. Rxb6+ Ke5 37. Rg6 Kd4 38. Rg3 Re3 39.
Ra4+ c4 40. dxc4 dxc4 41. Rg4+ Kd3 42. Rgxc4 Ree2 43. Rd4+ Kc2 44. Rg4 Kb1 45.
a3 1-0

[Event "Detroit (MOR/1a/40)"]
[Site "?"]
[Date "1992.??.??"]
[Round "?"]
[White "Falkowski, Kenneth"]
[Black "Stockton, T."]
[Result "1-0"]
[WhiteElo "1700"]
[BlackElo "1605"]
[PlyCount "37"]
[EventDate "1992.??.??"]

1. d4 d5 2. Nc3 Nf6 3. e4 dxe4 4. f3 exf3 5. Nxf3 Bg4 6. Be2 e6 7. Bg5 Be7 8.
O-O O-O 9. Bd3 Bxf3 10. Rxf3 Qxd4+ 11. Kh1 Qc5 12. Qd2 Nc6 13. Raf1 Rad8 14.
Bxf6 Bxf6 15. Rxf6 gxf6 16. Qh6 Rxd3 17. Ne4 Qf5 18. Nxf6+ Kh8 19. Qxf8# 1-0

[Event "Flint (Class B/5)"]
[Site "?"]
[Date "1992.??.??"]
[Round "?"]
[White "Falkowski, Kenneth"]
[Black "Rostrom, Richard"]
[Result "0-1"]
[WhiteElo "1720"]
[BlackElo "1670"]
[PlyCount "74"]
[EventDate "1992.??.??"]

1. d4 Nf6 2. Nc3 d5 3. e4 dxe4 4. f3 e6 5. fxe4 Bb4 6. Bg5 h6 7. Bxf6 Qxf6 8.
Nf3 O-O 9. Bd3 Nc6 10. e5 Qe7 11. O-O Ba5 12. Ne2 Bb6 13. c3 Nd8 14. Kh1 c5 15.
Ng3 f6 16. Nh5 f5 17. Qe1 Nf7 18. Nf4 Kh7 19. Qg3 g5 20. Nh5 Nh8 21. h4 gxh4
22. Nf6+ Rxf6 23. exf6 Qxf6 24. Nxh4 cxd4 25. c4 Bd7 26. Nf3 Rg8 27. Qe5 Qg6
28. Qh2 Bc7 29. Qh3 Nf7 30. Rg1 Ne5 31. Nxe5 Bxe5 32. Rae1 Bf4 33. Re2 Be3 34.
Rf1 Qg5 35. b4 Qg4 36. Qxg4 Rxg4 37. b5 Rh4# 0-1

[Event "Detroit (Pan Am/4)"]
[Site "?"]
[Date "1992.??.??"]
[Round "?"]
[White "Falkowski, Kenneth"]
[Black "Rosebrook, G."]
[Result "0-1"]
[WhiteElo "1700"]
[BlackElo "1605"]
[PlyCount "108"]
[EventDate "1992.??.??"]

1. d4 Nf6 2. f3 Nc6 3. e4 e5 4. c3 d6 5. Bg5 Be7 6. d5 Nb8 7. Bc4 a6 8. a3 c6
9. Ne2 b5 10. Bb3 c5 11. O-O O-O 12. Bc2 Nbd7 13. Ng3 Nb6 14. b3 h6 15. Bxf6
Bxf6 16. f4 Qc7 17. Kh1 Bd7 18. Nh5 Qd8 19. f5 a5 20. Nd2 a4 21. b4 cxb4 22.
cxb4 Rc8 23. Rc1 Bg5 24. Qg4 g6 25. Ng3 Bxd2 26. h4 Bxc1 27. Rxc1 g5 28. Qh5
Qf6 29. Qe2 gxh4 30. Nh5 Qg5 31. Rf1 f6 32. Bd1 Be8 33. g4 hxg3 34. Nxg3 Rc3
35. Rf3 Rxf3 36. Qxf3 Nc4 37. Nf1 Kh7 38. Be2 Rg8 39. Qf2 Nxa3 40. Nh2 Nc2 41.
Ng4 a3 42. Qa7+ Rg7 43. Qa8 Qh4+ 44. Kg2 Rxg4+ 45. Bxg4 Qxg4+ 46. Kf2 Qh4+ 47.
Kg1 Qg4+ 48. Kh1 Qxe4+ 49. Kg1 Qd4+ 50. Kh2 Bf7 51. Qf8 Qf2+ 52. Kh3 Qxf5+ 53.
Kh2 Qh5+ 54. Kg2 a2 0-1

[Event "Detroit (MOR/7/64)"]
[Site "?"]
[Date "1992.??.??"]
[Round "?"]
[White "Falkowski, Kenneth"]
[Black "Rodriguez, Juan"]
[Result "0-1"]
[WhiteElo "1700"]
[BlackElo "1605"]
[PlyCount "64"]
[EventDate "1992.??.??"]

{7/(64)} 1. d4 d5 2. e4 e6 3. Nc3 Bb4 4. e5 c5 5. a3 Bxc3+ 6. bxc3 c4 7. Qg4
Ne7 8. Qxg7 Rg8 9. Qxh7 Nbc6 10. Nh3 Qa5 11. Bd2 Bd7 12. Be2 O-O-O 13. Nf4 Rdf8
14. Qh3 Rh8 15. Qf3 Nf5 16. g3 Qd8 17. Nh5 Ncxd4 18. cxd4 Nxd4 19. Qc3 Nxe2 20.
Kxe2 Rxh5 21. Qb4 Rxe5+ 22. Kf3 Bc6 23. Kg2 d4+ 24. Kf1 Bxh1 25. Bf4 Rf5 26.
Qxc4+ Bc6 27. Rd1 Qd5 28. Qb4 Qb5+ 29. Qxb5 Bxb5+ 30. Kg1 e5 31. Bd2 Rd8 32. g4
Be2 0-1

[Event "Flint (Class B/3)"]
[Site "?"]
[Date "1992.??.??"]
[Round "?"]
[White "Falkowski, Kenneth"]
[Black "Pope, Nick"]
[Result "0-1"]
[WhiteElo "1720"]
[BlackElo "1670"]
[PlyCount "116"]
[EventDate "1992.??.??"]

1. d4 d5 2. Nc3 Bf5 3. Nf3 Nf6 4. Bg5 e6 5. Nh4 Bg6 6. Nxg6 hxg6 7. e3 c6 8.
Bd3 Nbd7 9. Qe2 Qc7 10. h3 Bb4 11. a3 Qa5 12. Qd2 Ne4 13. Bxe4 dxe4 14. O-O
Bxc3 15. bxc3 Qxg5 16. f4 Qg3 17. Qf2 Rxh3 18. Qxg3 Rxg3 19. Rae1 Nf6 20. Kf2
Rg4 21. Rh1 O-O-O 22. Rb1 Nh5 23. Rh3 c5 24. Rb5 cxd4 25. cxd4 Rd5 26. Rb3 Rd8
27. Rb5 Rd5 28. Rb3 a6 29. c4 Rd8 30. Rb6 Kc7 31. c5 Kc8 32. Rh1 Rd7 33. a4 Rc7
34. Rhb1 Nf6 35. Rh1 Nd5 36. Rb3 Kd7 37. Rh7 Ke7 38. a5 Kf6 39. Rh1 g5 40. g3
gxf4 41. exf4 Rg6 42. Rhb1 Rh6 43. Kg1 Rh8 44. Rxb7 Rhc8 45. R7b3 Rc6 46. Kg2
Nc7 47. Kf2 Nb5 48. Ke3 Rd8 49. Rb4 Ke7 50. Kf2 Rxd4 51. R4b2 Rxc5 52. Kg2 Rcd5
53. Kh3 e3 54. Re1 Rd2 55. Rxd2 exd2 56. Rd1 Nc3 57. f5 Nxd1 58. f6+ Kxf6 0-1

[Event "Detroit (MOR/3/58)"]
[Site "?"]
[Date "1992.??.??"]
[Round "?"]
[White "Falkowski, Kenneth"]
[Black "McGrath, Michael"]
[Result "1-0"]
[WhiteElo "1700"]
[BlackElo "1605"]
[PlyCount "81"]
[EventDate "1992.??.??"]

{3/(58)} 1. d4 Nf6 2. Nc3 d5 3. e4 Nxe4 4. Nxe4 dxe4 5. f4 e6 6. c3 Nc6 7. Ne2
Qh4+ 8. Ng3 Ne7 9. Qh5 Qxh5 10. Nxh5 f5 11. Be2 a6 12. Ng3 b5 13. a4 Bb7 14.
axb5 axb5 15. Rxa8+ Bxa8 16. Bxb5+ c6 17. Bc4 Kd7 18. b3 Nd5 19. Bxd5 exd5 20.
Nxf5 g6 21. Ne3 Ke6 22. Ng4 h5 23. Ne5 Rg8 24. h4 Rg7 25. Kd2 Be7 26. Bb2 Bb7
27. Ra1 Bxh4 28. Ra7 Kf6 29. Ba3 g5 30. Bf8 Rh7 31. Nxc6 Rf7 32. Be7+ Kg6 33.
Ne5+ Kf5 34. Nxf7 Bc6 35. Bxg5 Bf2 36. Ra5 e3+ 37. Ke2 h4 38. Ne5 Be8 39. Rxd5
Bh5+ 40. Nf3+ Kg4 41. Bxh4 1-0

[Event "Detroit (Pan Am/6)"]
[Site "?"]
[Date "1992.??.??"]
[Round "?"]
[White "Falkowski, Kenneth"]
[Black "Hayes, P."]
[Result "0-1"]
[WhiteElo "1700"]
[BlackElo "1605"]
[PlyCount "52"]
[EventDate "1992.??.??"]

1. d4 d5 2. e4 dxe4 3. Nc3 Nf6 4. f3 exf3 5. Nxf3 Bg4 6. h3 Bh5 7. g4 Bg6 8.
Bc4 e6 9. Bg5 Be7 10. Ne5 Ne4 11. Bxe7 Qxe7 12. Qf3 Qh4+ 13. Ke2 Ng3+ 14. Ke3
Nxh1 15. Rxh1 c6 16. Rf1 O-O 17. Ne4 Bxe4 18. Kxe4 Qe7 19. g5 Nd7 20. Ng4 Qxg5
21. Rg1 Nb6 22. Nf6+ Kh8 23. Rxg5 Nxc4 24. b3 Nd2+ 25. Ke3 Nxf3 26. Kxf3 gxf6
0-1

[Event "Detroit (MOR/5/67)"]
[Site "?"]
[Date "1992.??.??"]
[Round "?"]
[White "Falkowski, Kenneth"]
[Black "Cramblit, G."]
[Result "1-0"]
[WhiteElo "1700"]
[BlackElo "1605"]
[PlyCount "115"]
[EventDate "1992.??.??"]

{5/(67)} 1. d4 c6 2. e4 d5 3. e5 e6 4. Nf3 Nd7 5. Bd3 c5 6. c3 Qb6 7. O-O Ne7
8. Qc2 Ng6 9. Be3 Be7 10. c4 cxd4 11. Bxd4 Bc5 12. Bxc5 Qxc5 13. cxd5 Qxd5 14.
Nc3 Qc5 15. Bxg6 hxg6 16. Rfe1 b6 17. Qe4 Rb8 18. Rac1 Qe7 19. Nb5 O-O 20. Nd6
Nc5 21. Qc2 Ba6 22. Re3 Bb7 23. b4 Na6 24. a3 Bd5 25. Rc3 Rbd8 26. Qe2 f6 27.
Qxa6 fxe5 28. Nc8 Qf6 29. Qe2 b5 30. Qxe5 Bxf3 31. Qxf6 gxf6 32. gxf3 a6 33.
Ne7+ Kf7 34. Nc6 Rd6 35. Na5 f5 36. Nb3 Rfd8 37. Nc5 Rb6 38. Rd3 Rc8 39. Rd7+
Kf6 40. f4 g5 41. fxg5+ Kxg5 42. Nxe6+ Rxe6 43. Rxc8 Kf4 44. Rd3 a5 45. bxa5
Ra6 46. Rb3 Rxa5 47. Rg8 Ke5 48. h4 f4 49. h5 Ke4 50. h6 Ra7 51. Rg7 Ra8 52. h7
Rh8 53. Rh3 b4 54. Rg8 bxa3 55. Rxh8 a2 56. Ra8 a1=Q+ 57. Rxa1 f3 58. h8=Q 1-0

[Event "Detroit (MI Op/6/14)"]
[Site "?"]
[Date "1992.??.??"]
[Round "?"]
[White "Everett, Morgan"]
[Black "Vandivier, Don"]
[Result "1-0"]
[WhiteElo "2120"]
[BlackElo "2030"]
[PlyCount "63"]
[EventDate "1992.??.??"]

{6/(14)} 1. e4 c5 2. Nf3 d6 3. d4 cxd4 4. Nxd4 Nf6 5. Nc3 a6 6. f4 Qc7 7. Bd3
e6 8. O-O Be7 9. Kh1 b5 10. a3 Bb7 11. Qe1 O-O 12. Nf3 Nbd7 13. Qh4 Nc5 14. Qe1
Nxd3 15. cxd3 Qc5 16. Be3 Qh5 17. Ne2 Ng4 18. Bg1 b4 19. Qxb4 Rab8 20. Ng3 Qh6
21. Qd2 Ba8 22. b4 Bh4 23. Nxh4 Qxh4 24. f5 Bc6 25. Qf4 e5 26. Qf3 Rfc8 27.
Rfc1 Bb5 28. f6 Qg5 29. Rxc8+ Rxc8 30. Nf5 Rc3 31. fxg7 Rxd3 32. Qxg4 1-0

[Event "Flint (MEX/3)"]
[Site "?"]
[Date "1992.??.??"]
[Round "?"]
[White "Everett, Morgan"]
[Black "Pence, Mark"]
[Result "0-1"]
[WhiteElo "2150"]
[BlackElo "2055"]
[PlyCount "60"]
[EventDate "1992.??.??"]

1. e4 g6 2. d4 Bg7 3. Nc3 c6 4. Nf3 d5 5. e5 h5 6. Bd3 Nh6 7. Ne2 Bf5 8. Bg5
Na6 9. Ng3 Bxd3 10. Qxd3 Qd7 11. O-O Nc7 12. Bd2 O-O-O 13. b4 Rdg8 14. a4 a6
15. Rfb1 Nf5 16. b5 cxb5 17. axb5 Nxb5 18. c4 dxc4 19. Qxc4+ Kb8 20. Nxf5 gxf5
21. Qxf7 Nxd4 22. Nxd4 Qxd4 23. Qxe7 Qd5 24. g3 Bh6 25. Bb4 Bg5 26. Bd6+ Ka8
27. Qc7 Rc8 28. Rxa6+ bxa6 29. Qb6 Qc6 30. Qa5 Bd8 0-1

[Event "Detroit (MI Op/7/10)"]
[Site "?"]
[Date "1992.??.??"]
[Round "?"]
[White "Everett, Morgan"]
[Black "Lehotzky, Attila"]
[Result "1-0"]
[WhiteElo "2120"]
[BlackElo "2060"]
[PlyCount "55"]
[EventDate "1992.??.??"]

{7/(10)} 1. e4 g6 2. d4 Bg7 3. Nf3 d6 4. Bc4 Nf6 5. Qe2 d5 6. exd5 Nxd5 7. Nc3
c6 8. O-O O-O 9. Ne4 Nd7 10. Bb3 e6 11. c4 N5f6 12. Nc3 Nb6 13. Bg5 h6 14. Bf4
a5 15. Rad1 a4 16. Bc2 Nh5 17. Be5 Bxe5 18. dxe5 Qe7 19. Qe3 Nxc4 20. Qxh6 f5
21. Qxg6+ Qg7 22. Qxh5 Nxb2 23. Rd4 b5 24. Rh4 Ra7 25. Rh3 Qh7 26. Qg5+ Qg7 27.
Qc1 Kf7 28. Rh7 1-0

[Event "Detroit (MI Op/4/8)"]
[Site "?"]
[Date "1992.??.??"]
[Round "?"]
[White "Everett, Morgan"]
[Black "Ghiata, Gheorghe"]
[Result "1/2-1/2"]
[WhiteElo "2120"]
[BlackElo "1970"]
[PlyCount "49"]
[EventDate "1992.??.??"]

{4/(8)} 1. e4 d6 2. d4 g6 3. Nc3 Bg7 4. Be3 Nf6 5. Nf3 O-O 6. Be2 Nbd7 7. Qd2
c6 8. a4 Qc7 9. Bh6 e5 10. Bxg7 Kxg7 11. O-O Re8 12. Rad1 Nh5 13. dxe5 dxe5 14.
g3 Nf8 15. Nh4 Nf6 16. Rfe1 Ne6 17. Nf3 Rd8 18. Qc1 Nd4 19. Kg2 h6 20. Ng1 a6
21. Bd3 b5 22. f3 Nh5 23. Re3 b4 24. Na2 c5 25. b3 1/2-1/2

[Event "Flint (MEX/2)"]
[Site "?"]
[Date "1992.??.??"]
[Round "?"]
[White "Everett, Morgan"]
[Black "Gabbara, Faris"]
[Result "0-1"]
[WhiteElo "2150"]
[BlackElo "2045"]
[PlyCount "66"]
[EventDate "1992.??.??"]

1. e4 e5 2. Nf3 Nf6 3. Nc3 Bb4 4. a3 Bxc3 5. dxc3 Nc6 6. Bd3 d6 7. Bg5 h6 8.
Bd2 Nxe4 9. Bxe4 d5 10. Qe2 O-O 11. O-O-O dxe4 12. Qxe4 Qf6 13. h3 Bf5 14. Qe2
e4 15. Nd4 Bg6 16. Be3 Ne5 17. Rhf1 a6 18. f4 exf3 19. Nxf3 Nxf3 20. Qxf3 Qe6
21. b3 Be4 22. Qf2 f5 23. Qf4 Rae8 24. Rfe1 b6 25. h4 Rf7 26. Bf2 Qc6 27. Bd4
Rd8 28. g4 Bf3 29. gxf5 Bxd1 30. Rxd1 Qd6 31. Qxd6 Rxd6 32. Rf1 Rd5 33. f6 c5
0-1

[Event "Detroit (MI Op/2/22)"]
[Site "?"]
[Date "1992.??.??"]
[Round "?"]
[White "Everett, Morgan"]
[Black "Ball, Ed"]
[Result "1-0"]
[WhiteElo "2120"]
[BlackElo "1945"]
[PlyCount "45"]
[EventDate "1992.??.??"]

{2/(22)} 1. e4 f5 2. e5 d5 3. exd6 exd6 4. Nf3 Nf6 5. d4 Be7 6. Bd3 O-O 7. O-O
Ne4 8. Re1 d5 9. c4 c6 10. Nc3 Be6 11. Qb3 Qb6 12. cxd5 Qxb3 13. axb3 Nxc3 14.
bxc3 Bxd5 15. Rxe7 Bxb3 16. Rxb7 Bd5 17. Raxa7 Rxa7 18. Rxa7 Rf7 19. Rxf7 Kxf7
20. Bxf5 g6 21. Ne5+ Ke7 22. Bd3 Kd6 23. c4 1-0

[Event "Detroit (MOR/5/84)"]
[Site "?"]
[Date "1992.??.??"]
[Round "?"]
[White "Evans, D."]
[Black "Vaughn, Gerald"]
[Result "0-1"]
[WhiteElo "1605"]
[BlackElo "1605"]
[PlyCount "76"]
[EventDate "1992.??.??"]

{5/(84)} 1. d4 Nf6 2. Nf3 d5 3. e3 c5 4. c4 Nc6 5. Nc3 cxd4 6. exd4 Bg4 7. Be3
e6 8. Be2 Bd6 9. O-O O-O 10. Bg5 Be7 11. a3 a5 12. Rc1 Rc8 13. c5 b6 14. Nb5
bxc5 15. dxc5 h6 16. Bxf6 Bxf6 17. Qd2 Bxf3 18. Bxf3 Bg5 19. Qc3 Bxc1 20. Rxc1
Qh4 21. Rd1 f5 22. Nd4 Ne5 23. Qxa5 Ng4 24. Bxg4 Qxg4 25. Rd2 Qe4 26. h3 Ra8
27. Qc3 Ra4 28. b4 Rfa8 29. Re2 Qb1+ 30. Re1 Rxa3 31. Rxb1 Rxc3 32. Nxe6 Rb8
33. b5 Kf7 34. Nc7 Rxc5 35. b6 Rxc7 36. bxc7 Rxb1+ 37. Kh2 Rc1 38. c8=Q Rxc8
0-1

[Event "Detroit (Pan Am/6)"]
[Site "?"]
[Date "1992.??.??"]
[Round "?"]
[White "Evans, D."]
[Black "Thurman, John"]
[Result "1/2-1/2"]
[WhiteElo "1605"]
[BlackElo "1730"]
[PlyCount "114"]
[EventDate "1992.??.??"]

1. d4 d5 2. Nf3 Nf6 3. e3 Bf5 4. Bd3 Bxd3 5. Qxd3 c6 6. c4 e6 7. Nc3 Bd6 8. O-O
O-O 9. e4 dxe4 10. Nxe4 Nxe4 11. Qxe4 Nd7 12. Bg5 Be7 13. Qg4 Bxg5 14. Nxg5 Nf6
15. Qh4 Qa5 16. Rfe1 h6 17. Ne4 Nxe4 18. Rxe4 Qb4 19. b3 a5 20. Rg4 Kh7 21. Qg3
Rg8 22. Qd3+ g6 23. c5 a4 24. bxa4 Rxa4 25. Rb1 Ra3 26. Rb3 Rxb3 27. axb3 Ra8
28. h3 Qe1+ 29. Qf1 Ra1 30. Qxe1 Rxe1+ 31. Kh2 Rb1 32. Rf4 Kg7 33. Rf3 Rd1 34.
Rf4 Rd3 35. g4 Rxb3 36. h4 Rb4 37. Kg3 Rb3+ 38. Rf3 Rb4 39. Rd3 g5 40. h5 Rc4
41. f4 gxf4+ 42. Kxf4 f6 43. Ke3 Rb4 44. Kf3 Kf7 45. Ke3 Ra4 46. Rb3 Ra7 47.
Ke4 Ke7 48. Kf4 Kd7 49. Rf3 Ke7 50. Rg3 Ra4 51. Rd3 Ra1 52. Rb3 Ra7 53. Rf3 Ra8
54. Rb3 Rb8 55. Ra3 Rd8 56. Ke4 Kf7 57. Ra7 Rb8 1/2-1/2

[Event "Detroit (MOR/1a/50)"]
[Site "?"]
[Date "1992.??.??"]
[Round "?"]
[White "Evans, D."]
[Black "Thomas, A."]
[Result "1-0"]
[WhiteElo "1605"]
[BlackElo "1605"]
[PlyCount "120"]
[EventDate "1992.??.??"]

1. d4 d5 2. e3 e6 3. Bd3 Nf6 4. Nd2 Bd6 5. f4 Nc6 6. c3 O-O 7. Ngf3 Re8 8. O-O
Ne7 9. Ne5 Nf5 10. Qf3 Nd7 11. e4 dxe4 12. Nxe4 f6 13. Nxd7 Bxd7 14. g4 Nh6 15.
f5 exf5 16. Nxd6 fxg4 17. Bc4+ Be6 18. Bxe6+ Rxe6 19. Qd5 Qxd6 20. Qxb7 Rae8
21. Bf4 Qb6 22. Qxc7 Qxb2 23. Qc4 Nf7 24. Rab1 Qa3 25. Rb3 Qe7 26. Rb8 Rxb8 27.
Bxb8 Re1 28. Bg3 Qe3+ 29. Bf2 Rxf1+ 30. Kxf1 Qe7 31. Bg3 Kf8 32. Qc8+ Nd8 33.
Bc7 Ke8 34. Bxd8 Qxd8 35. Qxg4 g5 36. Qh5+ Kf8 37. Qxh7 Qb6 38. Qf5 Qa6+ 39.
Ke1 Qxa2 40. Qxf6+ Qf7 41. Qxg5 Qe6+ 42. Kd2 Qa2+ 43. Ke3 Qe6+ 44. Kf4 Qd6+ 45.
Qe5 Qh6+ 46. Ke4 Qc6+ 47. d5 Qc4+ 48. Ke3 Qc5+ 49. Kd3 Qb5+ 50. c4 Qb3+ 51. Qc3
Qb1+ 52. Qc2 Qf1+ 53. Kc3 Qh3+ 54. Kb2 Qh8+ 55. Kb1 Qd4 56. Qf5+ Ke8 57. Qc8+
Ke7 58. Qc7+ Kf6 59. Qd8+ Kf5 60. Qf8+ Kg5 1-0

[Event "Detroit (Pan Am/5)"]
[Site "?"]
[Date "1992.??.??"]
[Round "?"]
[White "Evans, D."]
[Black "Ryan, Bob"]
[Result "1-0"]
[WhiteElo "1605"]
[BlackElo "1605"]
[PlyCount "113"]
[EventDate "1992.??.??"]

1. d4 Nf6 2. Nf3 d5 3. e3 Nbd7 4. c4 e6 5. Nc3 c5 6. Bd3 Be7 7. O-O O-O 8. b3
b6 9. Bb2 Bb7 10. Rc1 Nb8 11. Qe2 Nc6 12. Rfd1 Re8 13. dxc5 bxc5 14. cxd5 exd5
15. Na4 Nd7 16. Qc2 g6 17. a3 Rc8 18. Bb5 a6 19. Bxc6 Bxc6 20. Ne5 Bxa4 21.
bxa4 Nxe5 22. Bxe5 c4 23. Qc3 Bxa3 24. Bh8 Bf8 25. Be5 Bd6 26. Rxd5 Rxe5 27.
Rxe5 Bxe5 28. Qxe5 Qd2 29. Qc3 Qxc3 30. Rxc3 Rb8 31. Kf1 Rb4 32. a5 Ra4 33. Ke2
Rxa5 34. Rxc4 Ra2+ 35. Kf3 a5 36. Rc8+ Kg7 37. Ra8 h6 38. Ra7 g5 39. g4 Ra3 40.
h3 Ra4 41. Kg3 Ra1 42. h4 gxh4+ 43. Kxh4 Kg6 44. Kg3 a4 45. f4 a3 46. e4 a2 47.
Kf2 f6 48. Ra6 h5 49. gxh5+ Kxh5 50. e5 Kg6 51. Rxf6+ Kg7 52. Ra6 Kf7 53. f5
Ke7 54. Ra7+ Kd8 55. e6 Rb1 56. Rxa2 Rb7 57. f6 1-0

[Event "Detroit (MOR/3/53)"]
[Site "?"]
[Date "1992.??.??"]
[Round "?"]
[White "Evans, D."]
[Black "Rosenberg, Steve"]
[Result "0-1"]
[WhiteElo "1605"]
[BlackElo "1745"]
[PlyCount "101"]
[EventDate "1992.??.??"]

{3/(53)} 1. d4 Nf6 2. Nf3 d6 3. c4 g6 4. Nc3 Bg7 5. e3 Nbd7 6. Bd3 O-O 7. O-O
Re8 8. Qc2 e5 9. dxe5 Nxe5 10. Be2 Nc6 11. a3 Bf5 12. Bd3 Bxd3 13. Qxd3 Ne5 14.
Qe2 Qd7 15. h3 Qc6 16. Bd2 Qxc4 17. Nxe5 Qxe2 18. Nxe2 dxe5 19. Bc3 Ne4 20.
Rad1 Red8 21. Bb4 c5 22. Bc3 c4 23. Bb4 Bf8 24. Bc3 f6 25. f3 Nc5 26. Nc1 Kf7
27. Kf2 e4 28. Rd4 Rxd4 29. exd4 Nd3+ 30. Ke3 Nxc1 31. Rxc1 exf3 32. Kxf3 b5
33. d5 Rd8 34. Rd1 Bg7 35. d6 Rd7 36. Ba5 f5 37. Rd2 Ke6 38. Bc7 Bf8 39. Re2+
Kd5 40. Bb8 a6 41. g4 fxg4+ 42. Kxg4 Bxd6 43. Rd2+ Kc6 44. Bxd6 Rxd6 45. Rxd6+
Kxd6 46. Kg5 Ke6 47. Kh6 Kf6 48. h4 a5 49. Kxh7 b4 50. Kh6 bxa3 51. bxa3 0-1

[Event "Detroit (MOR/7/93)"]
[Site "?"]
[Date "1992.??.??"]
[Round "?"]
[White "Evans, D."]
[Black "Kyser, Bob"]
[Result "1-0"]
[WhiteElo "1605"]
[BlackElo "1605"]
[PlyCount "61"]
[EventDate "1992.??.??"]

{7/(93)} 1. d4 d5 2. Nf3 Bg4 3. e3 Nf6 4. Be2 e6 5. c4 c5 6. Nc3 Bxf3 7. Bxf3
Nbd7 8. cxd5 cxd4 9. Qxd4 Bc5 10. Qd1 e5 11. O-O Bd6 12. e4 Nc5 13. Be3 a6 14.
b4 Ncd7 15. a3 b5 16. Qd2 h6 17. h3 g5 18. Ne2 Rc8 19. Rac1 Nb6 20. Bxb6 Bc7
21. Bxc7 Rxc7 22. Rxc7 Qxc7 23. Rc1 Qd7 24. Rc6 Ng8 25. Bg4 Qb7 26. Qc3 f6 27.
Rc8+ Kf7 28. Rc7+ Qxc7 29. Qxc7+ Ne7 30. d6 Re8 31. Bh5+ 1-0

[Event "Detroit (Pan Am/1)"]
[Site "?"]
[Date "1992.??.??"]
[Round "?"]
[White "Evans, D."]
[Black "Avery, Robert W"]
[Result "0-1"]
[WhiteElo "1605"]
[BlackElo "2200"]
[PlyCount "42"]
[EventDate "1992.??.??"]

1. d4 Nf6 2. Nf3 g6 3. c4 Bg7 4. Nc3 d5 5. e3 O-O 6. b3 c5 7. Bb2 cxd4 8. Qxd4
Ne4 9. Ne5 Nc6 10. Nxc6 bxc6 11. Qd3 Qa5 12. Rc1 Bf5 13. Be2 Nxf2 14. Qd2 Nxh1
15. Kf1 Rad8 16. Qe1 d4 17. exd4 Bxd4 18. Na4 Qe5 19. Bxd4 Qxd4 20. Nc3 Qf4+
21. Bf3 Qxh2 0-1

[Event "Jackson (Prison m)"]
[Site "?"]
[Date "1992.??.??"]
[Round "?"]
[White "Ellison"]
[Black "Lindsey, P."]
[Result "0-1"]
[WhiteElo "1605"]
[BlackElo "1605"]
[PlyCount "104"]
[EventDate "1992.??.??"]

1. e4 e5 2. Bc4 Nc6 3. Nc3 Nf6 4. Qf3 Bc5 5. h3 Nd4 6. Qd1 d6 7. Nf3 O-O 8. Nd5
Nxe4 9. d3 Nxf3+ 10. Qxf3 Nxf2 11. Rf1 e4 12. dxe4 Nxe4 13. Bf4 Re8 14. O-O-O
c6 15. Ne3 d5 16. Nxd5 cxd5 17. Bxd5 Qe7 18. Rde1 Bf5 19. h4 h6 20. g4 Bh7 21.
g5 hxg5 22. Bxg5 Nxg5 23. Rxe7 Nxf3 24. Rxe8+ Rxe8 25. Rxf3 Re7 26. Kd2 Rd7 27.
c4 Be4 28. Rh3 Kh7 29. b3 Kh6 30. Ke2 Bxd5 31. cxd5 Rxd5 32. Rc3 Bb6 33. Rc8
Rd8 34. Rc4 Kh5 35. Rf4 f6 36. Re4 g5 37. hxg5 fxg5 38. Kf3 Rg8 39. Kg2 Rg7 40.
b4 g4 41. Re5+ Kh4 42. a4 Bc7 43. Re4 b6 44. b5 Rf7 45. Rc4 Rd7 46. Re4 Rd2+
47. Kh1 Kh3 48. Kg1 g3 49. Re1 Bf4 50. Kh1 Be3 51. Rxe3 Rd1+ 52. Re1 Rxe1# 0-1

[Event "Ann Arbor (HVA/3/17)"]
[Site "?"]
[Date "1992.??.??"]
[Round "?"]
[White "Ejsmont, M."]
[Black "Smeckert, Dennis"]
[Result "0-1"]
[WhiteElo "1605"]
[BlackElo "1605"]
[PlyCount "78"]
[EventDate "1992.??.??"]

{3/(17)} 1. d4 d5 2. Nc3 Nf6 3. Bg5 Nbd7 4. Qd3 g6 5. f4 Bg7 6. O-O-O Nb6 7.
Nf3 Bf5 8. Qd2 Ne4 9. Qe1 f6 10. Bh4 a6 11. h3 Qd6 12. g4 Bd7 13. Nxe4 dxe4 14.
Nd2 Bc6 15. e3 Bd5 16. b3 c5 17. Nc4 Nxc4 18. bxc4 Bf7 19. d5 Qb6 20. Qc3 O-O
21. f5 Qd6 22. Bg2 b5 23. Bxe4 bxc4 24. Qxc4 Rfb8 25. c3 Rb6 26. Rhg1 Bh6 27.
Bg3 Bxe3+ 28. Kc2 Bf4 29. Bxf4 Qxf4 30. Rgf1 Qd6 31. Rf2 Rab8 32. Kd3 Qg3+ 33.
Rf3 Qd6 34. Ke3 Rb2 35. Rd2 Rxd2 36. Kxd2 Rb2+ 37. Kc1 Qh2 38. Qd3 Rxa2 39. Qb1
Qg1+ 0-1

[Event "Ann Arbor (HVA/1/17)"]
[Site "?"]
[Date "1992.??.??"]
[Round "?"]
[White "Ejsmont, M."]
[Black "Roe, G."]
[Result "0-1"]
[WhiteElo "1605"]
[BlackElo "1700"]
[PlyCount "48"]
[EventDate "1992.??.??"]

{1/(17)} 1. d4 Nf6 2. Nf3 g6 3. Bg5 Bg7 4. Nbd2 d6 5. e3 O-O 6. Be2 Nbd7 7. O-O
c5 8. c3 a6 9. Nc4 b5 10. Bxf6 Bxf6 11. Ncd2 Bb7 12. e4 cxd4 13. cxd4 Qb6 14.
Re1 Bxd4 15. Nxd4 Qxd4 16. Qc2 Rac8 17. Qd3 Qxb2 18. Nb3 Qf6 19. Bg4 Ne5 20.
Qh3 Nxg4 21. Qxg4 Rc4 22. Re3 Qxa1+ 23. Nxa1 Rc1+ 24. Re1 Rxe1# 0-1

[Event "Detroit (MOR/3/114)"]
[Site "?"]
[Date "1992.??.??"]
[Round "?"]
[White "Eggenberger, Jeffrey"]
[Black "Scott, A."]
[Result "1-0"]
[WhiteElo "1605"]
[BlackElo "1605"]
[PlyCount "55"]
[EventDate "1992.??.??"]

{3/(114)} 1. d4 d5 2. Nf3 Bf5 3. c3 Nf6 4. Bg5 Nbd7 5. Nbd2 e6 6. e3 Be7 7. Be2
h6 8. Bxf6 Nxf6 9. Ne5 Bd6 10. Ndf3 Ng4 11. h3 Nxe5 12. Nxe5 Bxe5 13. dxe5 f6
14. Qd4 O-O 15. g4 Be4 16. f3 Bg6 17. exf6 Rxf6 18. Rg1 Qd6 19. g5 Rf5 20. gxh6
Rf7 21. Rxg6 Qd7 22. Qh4 Kf8 23. h7 Rf6 24. h8=Q+ Kf7 25. Qxg7+ Ke8 26. Qhxf6
Qxg7 27. Qxg7 Rd8 28. Rxe6# 1-0

[Event "Detroit (MOR/5/108)"]
[Site "?"]
[Date "1992.??.??"]
[Round "?"]
[White "Eggenberger, Jeffrey"]
[Black "Raupp, Kenneth A"]
[Result "1-0"]
[WhiteElo "1605"]
[BlackElo "1605"]
[PlyCount "101"]
[EventDate "1992.??.??"]

{5/(108)} 1. d4 e6 2. Nf3 f5 3. Bg5 Nf6 4. e3 b6 5. d5 Bd6 6. c4 Bb7 7. Nc3 O-O
8. Qc2 Na6 9. dxe6 dxe6 10. O-O-O Qe8 11. Bxf6 Rxf6 12. Bd3 Nb4 13. Qb1 Be5 14.
Nxe5 Bxg2 15. Rhg1 Bb7 16. a3 Nxd3+ 17. Nxd3 Be4 18. Nb5 Qc6 19. Nc3 Qxc4 20.
Rd2 a5 21. Kc2 b5 22. b3 Qc6 23. Kb2 a4 24. b4 Rd8 25. Rgd1 Qc4 26. Nxe4 Qb3+
27. Kc1 fxe4 28. Qxb3 axb3 29. Nc5 Rxd2 30. Rxd2 Rh6 31. Nxe4 Rxh2 32. Rd8+ Kf7
33. Rc8 h5 34. Rxc7+ Kg6 35. Kb2 h4 36. Rc1 Kf5 37. Nd6+ Kf6 38. Rf1 g5 39. a4
bxa4 40. b5 Ke7 41. Nc4 g4 42. b6 Kd7 43. Rc1 h3 44. b7 g3 45. b8=Q g2 46. Qxh2
e5 47. Qxh3+ Ke7 48. Qxg2 a3+ 49. Kxa3 b2 50. Rb1 Ke6 51. Rxb2 1-0